<?xml version="1.0" encoding="UTF-8"?>
<record
    xmlns:xsi="http://www.w3.org/2001/XMLSchema-instance"
    xsi:schemaLocation="http://www.loc.gov/MARC21/slim http://www.loc.gov/standards/marcxml/schema/MARC21slim.xsd"
    xmlns="http://www.loc.gov/MARC21/slim">

  <leader>00433nam a22001697a 4500</leader>
  <controlfield tag="005">20230902124200.0</controlfield>
  <controlfield tag="008">200518b        xxu||||| |||| 00| 0 eng d</controlfield>
  <datafield tag="020" ind1=" " ind2=" ">
    <subfield code="a">9789384875257</subfield>
  </datafield>
  <datafield tag="041" ind1=" " ind2=" ">
    <subfield code="a">eng</subfield>
  </datafield>
  <datafield tag="082" ind1=" " ind2=" ">
    <subfield code="a">612</subfield>
  </datafield>
  <datafield tag="100" ind1=" " ind2=" ">
    <subfield code="a">JOGPAL ,VIKASH AND GUPTA JOYTI</subfield>
    <subfield code="9">8175</subfield>
  </datafield>
  <datafield tag="245" ind1=" " ind2=" ">
    <subfield code="a">HUMAN ANATOMY AND PHYSIOLOGY -II</subfield>
  </datafield>
  <datafield tag="260" ind1=" " ind2=" ">
    <subfield code="a">Modinaar (UP)</subfield>
    <subfield code="b">Unnati Publication</subfield>
    <subfield code="c">2019</subfield>
  </datafield>
  <datafield tag="300" ind1=" " ind2=" ">
    <subfield code="a">168</subfield>
  </datafield>
  <datafield tag="650" ind1=" " ind2=" ">
    <subfield code="a">Pharmacy</subfield>
    <subfield code="9">8176</subfield>
  </datafield>
  <datafield tag="942" ind1=" " ind2=" ">
    <subfield code="c">BK</subfield>
  </datafield>
  <datafield tag="999" ind1=" " ind2=" ">
    <subfield code="c">6285</subfield>
    <subfield code="d">6283</subfield>
  </datafield>
  <datafield tag="952" ind1=" " ind2=" ">
    <subfield code="0">0</subfield>
    <subfield code="1">0</subfield>
    <subfield code="4">0</subfield>
    <subfield code="7">0</subfield>
    <subfield code="8">PHARMACY</subfield>
    <subfield code="a">JRU</subfield>
    <subfield code="b">JRU</subfield>
    <subfield code="c">Shelf - 23- H</subfield>
    <subfield code="d">2020-05-18</subfield>
    <subfield code="e">PURCHASE</subfield>
    <subfield code="g">168.00</subfield>
    <subfield code="l">8</subfield>
    <subfield code="o">612</subfield>
    <subfield code="p">24013</subfield>
    <subfield code="r">2026-04-20 11:23:13</subfield>
    <subfield code="s">2026-04-10</subfield>
    <subfield code="w">2020-05-18</subfield>
    <subfield code="y">BK</subfield>
  </datafield>
  <datafield tag="952" ind1=" " ind2=" ">
    <subfield code="0">0</subfield>
    <subfield code="1">0</subfield>
    <subfield code="4">0</subfield>
    <subfield code="7">0</subfield>
    <subfield code="8">PHARMACY</subfield>
    <subfield code="a">JRU</subfield>
    <subfield code="b">JRU</subfield>
    <subfield code="c">Shelf - 23- H</subfield>
    <subfield code="d">2020-05-18</subfield>
    <subfield code="e">PURCHASE</subfield>
    <subfield code="g">168.00</subfield>
    <subfield code="l">4</subfield>
    <subfield code="o">612</subfield>
    <subfield code="p">24014</subfield>
    <subfield code="r">2026-04-06 16:29:24</subfield>
    <subfield code="s">2026-03-26</subfield>
    <subfield code="w">2020-05-18</subfield>
    <subfield code="y">BK</subfield>
  </datafield>
  <datafield tag="952" ind1=" " ind2=" ">
    <subfield code="0">0</subfield>
    <subfield code="1">0</subfield>
    <subfield code="4">0</subfield>
    <subfield code="7">0</subfield>
    <subfield code="8">PHARMACY</subfield>
    <subfield code="a">JRU</subfield>
    <subfield code="b">JRU</subfield>
    <subfield code="c">Shelf - 23- H</subfield>
    <subfield code="d">2020-05-18</subfield>
    <subfield code="e">PURCHASE</subfield>
    <subfield code="g">168.00</subfield>
    <subfield code="l">2</subfield>
    <subfield code="o">612</subfield>
    <subfield code="p">24015</subfield>
    <subfield code="r">2022-06-04 00:00:00</subfield>
    <subfield code="s">2022-05-30</subfield>
    <subfield code="w">2020-05-18</subfield>
    <subfield code="y">BK</subfield>
  </datafield>
  <datafield tag="952" ind1=" " ind2=" ">
    <subfield code="0">0</subfield>
    <subfield code="1">0</subfield>
    <subfield code="4">0</subfield>
    <subfield code="7">0</subfield>
    <subfield code="8">PHARMACY</subfield>
    <subfield code="a">JRU</subfield>
    <subfield code="b">JRU</subfield>
    <subfield code="c">Shelf - 23- H</subfield>
    <subfield code="d">2020-05-18</subfield>
    <subfield code="e">PURCHASE</subfield>
    <subfield code="g">168.00</subfield>
    <subfield code="l">10</subfield>
    <subfield code="m">2</subfield>
    <subfield code="o">612</subfield>
    <subfield code="p">24016</subfield>
    <subfield code="q">2026-05-10</subfield>
    <subfield code="r">2026-04-25 12:25:06</subfield>
    <subfield code="s">2026-04-25</subfield>
    <subfield code="w">2020-05-18</subfield>
    <subfield code="y">BK</subfield>
  </datafield>
  <datafield tag="952" ind1=" " ind2=" ">
    <subfield code="0">0</subfield>
    <subfield code="1">0</subfield>
    <subfield code="4">0</subfield>
    <subfield code="7">0</subfield>
    <subfield code="8">PHARMACY</subfield>
    <subfield code="a">JRU</subfield>
    <subfield code="b">JRU</subfield>
    <subfield code="c">Shelf - 23- H</subfield>
    <subfield code="d">2020-05-18</subfield>
    <subfield code="e">PURCHASE</subfield>
    <subfield code="g">168.00</subfield>
    <subfield code="l">1</subfield>
    <subfield code="m">2</subfield>
    <subfield code="o">612</subfield>
    <subfield code="p">24017</subfield>
    <subfield code="r">2023-06-16 00:00:00</subfield>
    <subfield code="s">2022-03-24</subfield>
    <subfield code="w">2020-05-18</subfield>
    <subfield code="y">BK</subfield>
  </datafield>
  <datafield tag="952" ind1=" " ind2=" ">
    <subfield code="0">0</subfield>
    <subfield code="1">0</subfield>
    <subfield code="4">0</subfield>
    <subfield code="7">0</subfield>
    <subfield code="8">PHARMACY</subfield>
    <subfield code="a">JRU</subfield>
    <subfield code="b">JRU</subfield>
    <subfield code="c">Shelf - 23- H</subfield>
    <subfield code="d">2020-05-18</subfield>
    <subfield code="e">PURCHASE</subfield>
    <subfield code="g">168.00</subfield>
    <subfield code="l">5</subfield>
    <subfield code="m">2</subfield>
    <subfield code="o">612</subfield>
    <subfield code="p">24018</subfield>
    <subfield code="r">2026-03-12 08:18:07</subfield>
    <subfield code="s">2026-02-16</subfield>
    <subfield code="w">2020-05-18</subfield>
    <subfield code="y">BK</subfield>
  </datafield>
  <datafield tag="952" ind1=" " ind2=" ">
    <subfield code="0">0</subfield>
    <subfield code="1">0</subfield>
    <subfield code="4">0</subfield>
    <subfield code="7">0</subfield>
    <subfield code="8">PHARMACY</subfield>
    <subfield code="a">JRU</subfield>
    <subfield code="b">JRU</subfield>
    <subfield code="c">Shelf - 23- H</subfield>
    <subfield code="d">2021-02-27</subfield>
    <subfield code="e">UNNATI PUBLICATION </subfield>
    <subfield code="g">168.00</subfield>
    <subfield code="l">2</subfield>
    <subfield code="m">1</subfield>
    <subfield code="o">612</subfield>
    <subfield code="p">25605</subfield>
    <subfield code="r">2022-08-03 00:00:00</subfield>
    <subfield code="s">2022-07-11</subfield>
    <subfield code="w">2021-02-27</subfield>
    <subfield code="y">BK</subfield>
  </datafield>
  <datafield tag="952" ind1=" " ind2=" ">
    <subfield code="0">0</subfield>
    <subfield code="1">0</subfield>
    <subfield code="4">0</subfield>
    <subfield code="7">0</subfield>
    <subfield code="8">PHARMACY</subfield>
    <subfield code="a">JRU</subfield>
    <subfield code="b">JRU</subfield>
    <subfield code="c">Shelf - 23- H</subfield>
    <subfield code="d">2021-02-27</subfield>
    <subfield code="e">UNNATI PUBLICATION </subfield>
    <subfield code="g">168.00</subfield>
    <subfield code="l">6</subfield>
    <subfield code="m">1</subfield>
    <subfield code="o">612</subfield>
    <subfield code="p">25606</subfield>
    <subfield code="r">2022-08-03 00:00:00</subfield>
    <subfield code="s">2022-07-04</subfield>
    <subfield code="w">2021-02-27</subfield>
    <subfield code="y">BK</subfield>
  </datafield>
  <datafield tag="952" ind1=" " ind2=" ">
    <subfield code="0">0</subfield>
    <subfield code="1">0</subfield>
    <subfield code="4">0</subfield>
    <subfield code="7">0</subfield>
    <subfield code="8">PHARMACY</subfield>
    <subfield code="a">JRU</subfield>
    <subfield code="b">JRU</subfield>
    <subfield code="c">Shelf - 23- H</subfield>
    <subfield code="d">2021-02-27</subfield>
    <subfield code="e">UNNATI PUBLICATION </subfield>
    <subfield code="g">168.00</subfield>
    <subfield code="l">5</subfield>
    <subfield code="o">612</subfield>
    <subfield code="p">25607</subfield>
    <subfield code="r">2026-05-04 13:36:41</subfield>
    <subfield code="s">2026-04-17</subfield>
    <subfield code="w">2021-02-27</subfield>
    <subfield code="y">BK</subfield>
  </datafield>
  <datafield tag="952" ind1=" " ind2=" ">
    <subfield code="0">0</subfield>
    <subfield code="1">0</subfield>
    <subfield code="4">0</subfield>
    <subfield code="7">0</subfield>
    <subfield code="8">PHARMACY</subfield>
    <subfield code="a">JRU</subfield>
    <subfield code="b">JRU</subfield>
    <subfield code="c">Shelf - 23- H</subfield>
    <subfield code="d">2021-02-27</subfield>
    <subfield code="e">UNNATI PUBLICATION </subfield>
    <subfield code="g">168.00</subfield>
    <subfield code="l">3</subfield>
    <subfield code="o">612</subfield>
    <subfield code="p">25608</subfield>
    <subfield code="r">2026-02-02 11:35:06</subfield>
    <subfield code="s">2025-09-25</subfield>
    <subfield code="w">2021-02-27</subfield>
    <subfield code="y">BK</subfield>
  </datafield>
  <datafield tag="952" ind1=" " ind2=" ">
    <subfield code="0">0</subfield>
    <subfield code="1">0</subfield>
    <subfield code="4">0</subfield>
    <subfield code="7">0</subfield>
    <subfield code="8">PHARMACY</subfield>
    <subfield code="a">JRU</subfield>
    <subfield code="b">JRU</subfield>
    <subfield code="c">Shelf - 23- H</subfield>
    <subfield code="d">2021-02-27</subfield>
    <subfield code="e">UNNATI PUBLICATION </subfield>
    <subfield code="g">168.00</subfield>
    <subfield code="l">3</subfield>
    <subfield code="m">2</subfield>
    <subfield code="o">612</subfield>
    <subfield code="p">25609</subfield>
    <subfield code="r">2023-06-08 00:00:00</subfield>
    <subfield code="s">2023-05-03</subfield>
    <subfield code="w">2021-02-27</subfield>
    <subfield code="y">BK</subfield>
  </datafield>
</record>
